[Event "Titled Tuesday intern op 02nd Apr Late"]
[Site "Chess.com INT"]
[Date "2024.04.02"]
[Round "4"]
[White "Davidson, Kevin"]
[Black "Bellahcene, Bilel"]
[Result "1-0"]
[WhiteElo "2154"]
[BlackElo "2519"]
[PlyCount "77"]
[EventDate "2024.04.02"]
[EventType "swiss (blitz)"]
[EventRounds "11"]
[EventCountry "USA"]
[SourceTitle "CB15_2024"]
[SourceDate "2024.04.10"]
[SourceVersion "1"]
[SourceVersionDate "2024.04.10"]
[SourceQuality "1"]

1. e4 c5 2. Nf3 g6 3. d4 cxd4 4. Qxd4 Nf6 5. e5 Nc6 6. Qa4 Nd5 7. Qe4 Nc7 8. Nc3 Bg7 9. Bf4 Ne6 10. Bg3 a6 11. 0-0-0 b5 12. h4 h5 13. Kb1 Bb7 14. Qd5 Rc8 15. Ne4 Na5 16. Qd3 Qc7 17. Neg5 0-0 18. c3 Rfd8 19. Be2 Nc4 20. Rhe1 Nc5 21. Qc2 Ne6 22. Nxe6 dxe6 23. Rxd8+ Rxd8 24. Rd1 Rxd1+ 25. Qxd1 Be4+ 26. Ka1 Bd5 27. Qd4 a5 28. b3 Na3 29. Kb2 b4 30. c4 f6 31. exf6 Qc6 32. fxg7 a4 33. Ne5 Qc8 34. Qe3 axb3 35. axb3 Qa8 36. Qd2 Nxc4+ 37. Nxc4 Qa3+ 38. Nxa3 bxa3+ 39. Kxa3 1-0

[Event "Cappelle op 40th"]
[Site "Cappelle la Grande"]
[Date "2024.03.02"]
[Round "1"]
[White "Bellahcene, Bilel"]
[Black "Bourgois, Bastien"]
[Result "1-0"]
[WhiteElo "2522"]
[BlackElo "2102"]
[PlyCount "105"]
[EventDate "2024.03.02"]
[EventType "swiss"]
[EventRounds "9"]
[EventCountry "FRA"]
[SourceTitle "CB11_2024"]
[SourceDate "2024.03.13"]
[SourceVersion "1"]
[SourceVersionDate "2024.03.13"]
[SourceQuality "1"]

1. e4 c5 2. Nf3 Nc6 3. d4 cxd4 4. Nxd4 e5 5. Nb5 a6 6. Nd6+ Bxd6 7. Qxd6 Qf6 8. Qd1 Qg6 9. Nc3 d5 10. Nxd5 Qxe4+ 11. Ne3 Nf6 12. Bd3 Qh4 13. 0-0 e4 14. Be2 0-0 15. Qe1 Be6 16. f4 Qxe1 17. Rxe1 Nd4 18. Bd1 Rfd8 19. h3 Nd5 20. c3 Nxe3 21. Bxe3 Nf5 22. Bb6 Rd6 23. Bc5 Rd2 24. Rxe4 Rxb2 25. Rb4 Rxb4 26. cxb4 Bd5 27. Bc2 Nh4 28. Rd1 Bc6 29. g3 Ng6 30. Kf2 Re8 31. Bb3 Nf8 32. Bd5 Ne6 33. Bxc6 bxc6 34. Be3 Nc7 35. Rd6 Nd5 36. Bc5 Rc8 37. a3 f6 38. Rd7 Re8 39. Rd6 Rc8 40. Rd7 Re8 41. Kf3 Re1 42. Ra7 Nc3 43. Rxa6 Ne4 44. Rxc6 Nd2+ 45. Kf2 Ra1 46. b5 Ne4+ 47. Ke3 Nxc5 48. Rxc5 Rxa3+ 49. Kd4 Rb3 50. Kc4 Rb1 51. Kd5 Kf7 52. Ke4 Kg8 53. Kf3 1-0

[Event "Titled Tuesday intern op 06th Feb Late"]
[Site "Chess.com INT"]
[Date "2024.02.06"]
[Round "10"]
[White "Bellahcene, Bilel"]
[Black "Bettalli, Francesco"]
[Result "1-0"]
[WhiteElo "2516"]
[BlackElo "2300"]
[PlyCount "99"]
[EventDate "2024.02.06"]
[EventType "swiss (blitz)"]
[EventRounds "11"]
[EventCountry "USA"]
[SourceTitle "CB07_2024"]
[SourceDate "2024.02.14"]
[SourceVersion "1"]
[SourceVersionDate "2024.02.14"]
[SourceQuality "1"]

1. e4 e5 2. Nf3 Nf6 3. Nxe5 Nxe4 4. Nf3 d5 5. d4 Bd6 6. Bd3 0-0 7. 0-0 f5 8. Ne5 Nc6 9. Nxc6 bxc6 10. Nd2 Qh4 11. Nf3 Qf6 12. Re1 Bd7 13. c3 Rae8 14. Bd2 h6 15. Ne5 Bxe5 16. dxe5 Rxe5 17. Bf4 Re7 18. Bxc7 Rfe8 19. Qc2 g6 20. Bf4 Nc5 21. Rxe7 Qxe7 22. Bf1 g5 23. Be3 Ne4 24. Bxa7 f4 25. b4 Bf5 26. Bd4 Qf7 27. Bd3 Nd6 28. a4 f3 29. a5 fxg2 30. a6 Bxd3 31. Qxd3 Nf5 32. a7 Ra8 33. Qa6 Qc7 34. b5 Nh4 35. Qxc6 Nf3+ 36. Kxg2 Nh4+ 37. Kf1 Qxh2 38. Qxa8+ Kh7 39. Qh8+ Kg6 40. Qe8+ Kf5 41. Qf7+ Kg4 42. a8Q Qh1+ 43. Ke2 Qe4+ 44. Kd2 Nf3+ 45. Qxf3+ Kxf3 46. Qf8+ Kg2 47. f3 Qh4 48. Rg1+ Kh2 49. Qd6+ Kh3 50. Qg3+ 1-0

[Event "US Masters op"]
[Site "Charlotte"]
[Date "2023.11.26"]
[Round "8"]
[White "Bellahcene, Bilel"]
[Black "Stefanov, Emil"]
[Result "1-0"]
[WhiteElo "2502"]
[BlackElo "2342"]
[PlyCount "127"]
[EventDate "2023.11.22"]
[EventType "swiss"]
[EventRounds "9"]
[EventCountry "USA"]
[SourceTitle "CB48_2023"]
[SourceDate "2023.11.29"]
[SourceVersion "1"]
[SourceVersionDate "2023.11.29"]
[SourceQuality "1"]

1. e4 e5 2. Nf3 Nc6 3. Bb5 a6 4. Ba4 Nf6 5. 0-0 Be7 6. d3 b5 7. Bb3 d6 8. Bd2 0-0 9. Re1 Be6 10. Nc3 Bxb3 11. axb3 Re8 12. h3 h6 13. Nd5 a5 14. c4 b4 15. Be3 Nd7 16. d4 Bf8 17. Qc2 Qb8 18. dxe5 Ncxe5 19. Nh2 c6 20. Nf4 Nf6 21. Ne2 Ned7 22. Ng3 d5 23. exd5 cxd5 24. Nf3 dxc4 25. Qxc4 Qc8 26. Qb5 Qa6 27. Nd4 Re5 28. Qc6 Qxc6 29. Nxc6 Rd5 30. Ne2 Ra6 31. Rec1 Ne5 32. Ned4 Nxc6 33. Nxc6 Nd7 34. Rc4 Nc5 35. Nd4 Kh7 36. Kf1 Be7 37. Rac1 h5 38. Ke2 Kg6 39. R1c2 Ne6 40. Rc6 Rd6 41. Rxa6 Rxa6 42. Rc6 Rxc6 43. Nxc6 Bf6 44. Nxa5 Bxb2 45. Kd3 f5 46. f4 h4 47. Nc6 Bc3 48. Kc4 Nc7 49. Bd4 Bxd4 50. Nxd4 Kf6 51. Ne2 Ke6 52. Kxb4 Nd5+ 53. Kc5 Ne3 54. Kc6 Nc2 55. Kc5 Ne3 56. b4 Kd7 57. b5 Nxg2 58. Kb6 Ne3 59. Ka7 Nc4 60. b6 Nd6 61. Nd4 Nc8+ 62. Ka6 Nd6 63. Nxf5 Nxf5 64. b7 1-0

[Event "US Masters op"]
[Site "Charlotte"]
[Date "2023.11.25"]
[Round "6"]
[White "Bellahcene, Bilel"]
[Black "Matviishen, Viktor"]
[Result "1/2-1/2"]
[WhiteElo "2502"]
[BlackElo "2556"]
[PlyCount "36"]
[EventDate "2023.11.22"]
[EventType "swiss"]
[EventRounds "9"]
[EventCountry "USA"]
[SourceTitle "CB48_2023"]
[SourceDate "2023.11.29"]
[SourceVersion "1"]
[SourceVersionDate "2023.11.29"]
[SourceQuality "1"]

1. e4 c5 2. Nf3 d6 3. d4 cxd4 4. Nxd4 Nf6 5. Nc3 a6 6. Bg5 Nbd7 7. Bc4 Qb6 8. 0-0 Qc5 9. Bd5 e6 10. Re1 Ne5 11. Bxf6 gxf6 12. Re3 h5 13. b4 Qa7 14. Bb3 Bd7 15. Nce2 Rc8 16. c3 b5 17. a4 Qb7 18. axb5 axb5 1/2-1/2

[Event "US Masters op"]
[Site "Charlotte"]
[Date "2023.11.23"]
[Round "2"]
[White "Bellahcene, Bilel"]
[Black "Singh, Hersh"]
[Result "1-0"]
[WhiteElo "2502"]
[BlackElo "2283"]
[PlyCount "85"]
[EventDate "2023.11.22"]
[EventType "swiss"]
[EventRounds "9"]
[EventCountry "USA"]
[SourceTitle "CB48_2023"]
[SourceDate "2023.11.29"]
[SourceVersion "1"]
[SourceVersionDate "2023.11.29"]
[SourceQuality "1"]

1. d4 Nf6 2. c4 e6 3. Nf3 d5 4. Nc3 Bb4 5. Qa4+ Nc6 6. a3 Bxc3+ 7. bxc3 Ne4 8. e3 Nxc3 9. Qc2 Ne4 10. Bd3 Nd6 11. c5 Nf5 12. 0-0 h6 13. Rb1 0-0 14. h3 Nh4 15. Ne5 Nxe5 16. dxe5 Rb8 17. Rb4 Bd7 18. f4 Qe8 19. g4 a5 20. Rb1 b6 21. Bd2 d4 22. Be1 Ba4 23. Qc4 Ng6 24. exd4 Bc6 25. f5 Bd5 26. Qc3 exf5 27. gxf5 Qd8 28. f6 Bc6 29. Bc4 bxc5 30. Rxb8 Qxb8 31. fxg7 Kxg7 32. d5 Bb5 33. e6+ f6 34. Bg3 Bxc4 35. Qxc4 Qb6 36. Kh1 h5 37. Rg1 Kh7 38. Qe2 Qb3 39. Qxh5+ Kg7 40. Bd6 Qd3 41. Rxg6+ Qxg6 42. Bxf8+ Kxf8 43. Qxg6 1-0

[Event "Charlotte CCCSA Fall GM-A"]
[Site "Charlotte"]
[Date "2023.11.18"]
[Round "4"]
[White "Bellahcene, Bilel"]
[Black "Woodward, Andy"]
[Result "1/2-1/2"]
[WhiteElo "2502"]
[BlackElo "2473"]
[PlyCount "44"]
[EventDate "2023.11.17"]
[EventType "tourn"]
[EventRounds "9"]
[EventCountry "USA"]
[EventCategory "8"]
[SourceTitle "CB48_2023"]
[SourceDate "2023.11.29"]
[SourceVersion "1"]
[SourceVersionDate "2023.11.29"]
[SourceQuality "1"]

1. e4 c5 2. Nf3 d6 3. d4 cxd4 4. Nxd4 Nf6 5. Nc3 a6 6. Bg5 Nbd7 7. Bc4 Qb6 8. 0-0 Qxb2 9. Nd5 Nxd5 10. Rb1 Qc3 11. Bxd5 e6 12. Bxb7 Bxb7 13. Rxb7 Nc5 14. Rc7 Qa5 15. Rc6 Nxe4 16. Qb1 Qxg5 17. Qb7 Rd8 18. Rxa6 Nc5 19. Qb5+ Rd7 20. Ra8+ Ke7 21. Nc6+ Kf6 22. Ra3 Qd5 1/2-1/2

[Event "Qatar Masters op"]
[Site "Doha"]
[Date "2023.10.17"]
[Round "6"]
[White "Bellahcene, Bilel"]
[Black "Giri, Anish"]
[Result "0-1"]
[WhiteElo "2520"]
[BlackElo "2760"]
[PlyCount "50"]
[EventDate "2023.10.11"]
[EventType "swiss"]
[EventRounds "9"]
[EventCountry "QAT"]
[SourceTitle "Mega2024 Update 01"]
[Source "Chessbase"]
[SourceDate "2023.11.12"]
[SourceVersion "1"]
[SourceVersionDate "2023.11.12"]
[SourceQuality "1"]

1. e4 c5 2. Nf3 d6 3. d4 cxd4 4. Nxd4 Nf6 5. Nc3 a6 6. Bg5 e6 7. Qf3 h6 8. Be3 Nbd7 9. 0-0-0 Qc7 10. Qg3 b5 11. Bxb5 axb5 12. Ndxb5 Qb8 13. Nxd6+ Bxd6 14. Qxd6 Qxd6 15. Rxd6 Ng4 16. Re1 Ke7 17. Rdd1 Nxe3 18. Rxe3 g5 19. a4 Ne5 20. f3 Ba6 21. b3 h5 22. Nb1 h4 23. Rd2 h3 24. g3 Bf1 25. Rf2 Bg2 0-1

[Event "Qatar Masters op"]
[Site "Doha"]
[Date "2023.10.15"]
[Round "5"]
[White "Mohammad, Nubairshah Shaikh"]
[Black "Bellahcene, Bilel"]
[Result "0-1"]
[WhiteElo "2432"]
[BlackElo "2520"]
[PlyCount "86"]
[EventDate "2023.10.11"]
[EventType "swiss"]
[EventRounds "9"]
[EventCountry "QAT"]
[SourceTitle "Mega2024 Update 01"]
[Source "Chessbase"]
[SourceDate "2023.11.12"]
[SourceVersion "1"]
[SourceVersionDate "2023.11.12"]
[SourceQuality "1"]

1. d4 Nf6 2. Nf3 e6 3. g3 d5 4. Bg2 Be7 5. 0-0 0-0 6. c4 Nbd7 7. Qc2 a5 8. Nbd2 c5 9. Rd1 a4 10. e4 cxd4 11. exd5 e5 12. Re1 Bd6 13. c5 d3 14. Qc3 Bxc5 15. Qxd3 Qb6 16. Re2 Re8 17. Ng5 Bd4 18. Nc4 Qa6 19. Be3 b5 20. Na3 b4 21. Nb5 Nc5 22. Qc4 Bd7 23. d6 Qxb5 24. Qxf7+ Kh8 25. Bxd4 exd4 26. Re7 Rxe7 27. dxe7 Rg8 28. Bd5 h6 29. Bc4 Qc6 30. h4 hxg5 31. hxg5 Bh3 32. Bf1 Bxf1 33. Rxf1 Qd5 34. Qg6 Qe4 35. Qf7 Nh7 36. f3 Qe6 37. g6 Ng5 38. Kg2 Nxf7 39. gxf7 Qe2+ 40. Rf2 Qxe7 41. Kf1 g6 42. Rh2+ Kg7 43. fxg8Q+ Kxg8 0-1